Movies Quiz

Random Movies or Oscar Quiz

Movies of Both Acting Oscar Winners Quiz Stats

 Plays Quiz not verified by Sporcle

Challenge
Share
Tweet
Embed
Score 0/16 Timer 05:00
0 Plays Today
% Correct
American Beauty
94.3%
Raging Bull
91.1%
Training Day
89.5%
The Godfather Part II
86.3%
The French Connection
86.1%
Usual Suspects
85%
Glory
77.9%
Unforgiven
71.4%
% Correct
Tootsie
59.6%
Blue Sky
54.9%
Save the Tiger
54.3%
The Prime of Miss Jean Brodie
52.7%
Airport
40.9%
California Suite
40.5%
Mister Roberts
34.9%
The Sin of Madelon Claudet
15.8%

You're not logged in!

Compare scores with friends on all Sporcle quizzes.
OR
Log In

You Might Also Like...

Show Comments

Extras

Top Quizzes Today


Score Distribution

Your Account Isn't Verified!

In order to create a playlist on Sporcle, you need to verify the email address you used during registration. Go to your Sporcle Settings to finish the process.

Report this User

Report this user for behavior that violates our Community Guidelines.

Details: